[Event "Tournament (open)"]
[Site "Groningen (Netherlands)"]
[Date "2011.03.16"]
[Round "3"]
[White "Visser Johan"]
[Black "Zilverberg Paul"]
[Result "1/2-1/2"]
[WhiteElo "1577"]
[BlackElo "1461"]
[PlyCount "202"]
[EventDate "2011.??.??"]
[EventRounds "7"]
[EventCountry "NED"]
[SourceTitle "OM OTB B 201907"]
[Source "Opening Master"]
[SourceDate "2019.07.06"]
[SourceVersion "2"]
[SourceVersionDate "2019.07.06"]
[SourceQuality "1"]

1. e4 e5 2. Nf3 Nc6 3. c3 Nf6 4. d4 exd4 5. e5 Nd5 6. cxd4 Be7 7. Bc4 Nb6 8.
Bb3 d5 9. O-O O-O 10. Nc3 Bg4 11. Be3 f5 12. exf6 Bxf6 13. Ne4 Be7 14. Ned2 Bf5
15. Ne1 Bf6 16. Ndf3 Qd7 17. Nd3 Rae8 18. Rc1 Bg4 19. Nc5 Qc8 20. a4 Na5 21.
Bc2 Bf5 22. Bf4 Bxc2 23. Rxc2 Nc6 24. Bg3 Re7 25. Qd2 Rfe8 26. b4 Nc4 27. Rxc4
dxc4 28. Qc3 Kh8 29. Qxc4 b6 30. Nd3 Nb8 31. Nde5 Bxe5 32. Nxe5 Qf5 33. Bh4
Rxe5 34. dxe5 Qxe5 35. Bg3 Qe7 36. Qxc7 Qxc7 37. Bxc7 Nc6 38. a5 Nxb4 39. axb6
axb6 40. Bxb6 Nd5 41. Bd4 Kg8 42. g3 Kf7 43. Rb1 Re7 44. Rb5 Nf6 45. Kg2 g6 46.
h3 Rd7 47. Be3 Nd5 48. Bg5 Nc3 49. Rb6 Ne4 50. Be3 Nd6 51. Bf4 Nc4 52. Rc6 Nd2
53. Bxd2 Rxd2 54. Rc7+ Kg8 55. g4 Rd3 56. h4 Ra3 57. f3 h6 58. Kg3 Ra4 59. Re7
Rb4 60. Kf2 Rb3 61. Kg3 Rb4 62. g5 hxg5 63. hxg5 Ra4 64. Re4 Ra7 65. Re6 Kf7
66. Rf6+ Kg7 67. Kf4 Ra5 68. Rb6 Rc5 69. Rb7+ Kg8 70. Kg4 Rc4+ 71. f4 Rc5 72.
Rb6 Kg7 73. Rf6 Rc4 74. Kf3 Ra4 75. Re6 Kf7 76. Re3 Rb4 77. Ra3 Rc4 78. Ke3 Rb4
79. Ra7+ Kg8 80. Rd7 Ra4 81. Rd4 Ra1 82. Ke4 Re1+ 83. Kd5 Kf7 84. Kd6 Rf1 85.
Re4 Rd1+ 86. Ke5 Rf1 87. Re2 Rf3 88. Re1 Rf2 89. Ke4 Ra2 90. Ke5 Ra6 91. Rd1
Re6+ 92. Kd4 Re2 93. Rf1 Rd2+ 94. Ke4 Rg2 95. Kf3 Ra2 96. Re1 Ra4 97. Re5 Ra1
98. f5 gxf5 99. Rxf5+ Kg6 100. Rb5 Rg1 101. Kf4 Rf1+ 1/2-1/2

[Event "Kouty nad Desnou op-A"]
[Site "Kouty nad Desnou"]
[Date "2011.03.14"]
[Round "4"]
[White "Sladek, Jaroslav"]
[Black "Krejci, Martin"]
[Result "1-0"]
[WhiteElo "1985"]
[BlackElo "1833"]
[PlyCount "101"]
[EventDate "2011.03.12"]
[EventType "swiss"]
[EventRounds "9"]
[EventCountry "CZE"]
[SourceTitle "EXT 2014"]
[Source "ChessBase"]
[SourceDate "2013.11.20"]
[SourceVersion "1"]
[SourceVersionDate "2013.11.20"]
[SourceQuality "1"]

1. e4 e5 2. Nf3 Nc6 3. c3 Nf6 4. d4 exd4 5. e5 Qe7 6. cxd4 Ne4 7. Nc3 Qb4 8.
Qc2 d5 9. Be3 Be6 10. Bd3 f5 11. exf6 Nxf6 12. a3 Qd6 13. Ng5 Be7 14. Nb5 Qd7
15. Nxe6 Bd6 16. Bf5 Qe7 17. O-O a6 18. Nxd6+ cxd6 19. Rae1 Kf7 20. Qd3 Kg8 21.
Bf4 Re8 22. Qg3 Nxd4 23. Bxd6 Nxf5 24. Bxe7 Nxg3 25. Nc7 Nxf1 26. Nxe8 Nxe8 27.
Kxf1 Kf7 28. Bc5 Kg6 29. Re7 b5 30. Ra7 Nf6 31. Rxa6 Rb8 32. b4 Kf5 33. f3 Nd7
34. g4+ Kg5 35. Be7+ Nf6 36. Kf2 Rc8 37. Kg3 h6 38. Rd6 Kg6 39. Bxf6 gxf6 40.
Rxd5 Rc3 41. h4 Rxa3 42. h5+ Kg7 43. Rxb5 Ra7 44. Kf4 Rc7 45. Kf5 Re7 46. f4
Rd7 47. Rc5 Rb7 48. b5 Kf7 49. Rd5 Kg7 50. Ke6 Rb6+ 51. Kd7 1-0

[Event "CRO-chT4 Center-A"]
[Site "Zagreb"]
[Date "2011.03.13"]
[Round "1.46"]
[White "Gojmerac, Dragutin"]
[Black "Kostur, Lovro"]
[Result "0-1"]
[WhiteElo "1924"]
[BlackElo "1705"]
[PlyCount "112"]
[EventDate "2011.03.13"]
[EventType "team-tourn"]
[EventRounds "7"]
[EventCountry "CRO"]
[SourceTitle "EXT 2014"]
[Source "ChessBase"]
[SourceDate "2013.11.20"]
[SourceVersion "1"]
[SourceVersionDate "2013.11.20"]
[SourceQuality "1"]

1. e4 e5 2. Nf3 Nc6 3. c3 Nf6 4. d3 Bc5 5. h3 h6 6. b4 Bb6 7. b5 Ne7 8. Nxe5 d5
9. Nd2 Qd6 10. Nef3 Qc5 11. Qe2 Qxc3 12. Rb1 Qc2 13. e5 Nh5 14. g3 Ba5 15. Rb3
Qxc1+ 16. Qd1 Bxd2+ 17. Nxd2 Qxd1+ 18. Kxd1 g6 19. Bg2 Ng7 20. Nf3 Ne6 21. Kd2
Bd7 22. Rc1 O-O 23. Rb4 c5 24. Rb2 b6 25. Nh2 h5 26. Nf1 Nc7 27. Rcb1 Rfe8 28.
Ne3 Be6 29. a4 Nf5 30. Nf1 Rad8 31. f4 c4 32. Ra1 Rc8 33. a5 c3+ 34. Kxc3 Nxb5+
35. Kd2 Nfd4 36. Ne3 Rc5 37. axb6 axb6 38. Ra6 Nf5 39. Rxb6 Nxe3 40. Kxe3 Nc3
41. R2b4 Rec8 42. d4 Nd1+ 43. Kd2 Rc2+ 44. Kxd1 Rxg2 45. Rb8 Rgc2 46. Rb3 Rxb8
47. Rxb8+ Rc8 48. Rb3 Bxh3 49. Kd2 Kg7 50. Ke3 Rh8 51. Kf3 Bg4+ 52. Kf2 h4 53.
Rb5 Be6 54. Rb1 h3 55. Kf3 h2 56. Rh1 Bf5 0-1

[Event "SVK-chT 1011"]
[Site "Slovakia"]
[Date "2011.03.12"]
[Round "7.6"]
[White "Varholakova, Nikoleta"]
[Black "Tropp, Frantisek"]
[Result "1/2-1/2"]
[WhiteElo "2184"]
[BlackElo "2080"]
[PlyCount "56"]
[EventDate "2010.11.27"]
[EventType "team-tourn"]
[EventRounds "11"]
[EventCountry "SVK"]
[SourceTitle "EXT 2012"]
[Source "ChessBase"]
[SourceDate "2011.11.24"]
[SourceVersion "1"]
[SourceVersionDate "2011.11.24"]
[SourceQuality "1"]
[WhiteTeam "Kosice Slavia"]
[BlackTeam "Kezmarok"]
[WhiteTeamCountry "SVK"]
[BlackTeamCountry "SVK"]

1. e4 e5 2. Nf3 Nc6 3. c3 Nf6 4. d3 d5 5. Nbd2 dxe4 6. dxe4 Bc5 7. Bc4 O-O 8.
O-O Bg4 9. b4 Bd6 10. h3 Bh5 11. Qc2 Qe7 12. Nh4 Bg6 13. Nxg6 hxg6 14. Nf3 Nh5
15. Bg5 Qe8 16. Rfe1 Nd8 17. g4 Nf6 18. Bh4 b5 19. Bf1 Qc6 20. Bg3 Nd7 21. Qb3
Rb8 22. Rad1 Ne6 23. Rd5 a6 24. Nxe5 Bxe5 25. Bxe5 Nxe5 26. Rxe5 Rbd8 27. Rd5
Nf4 28. Rd4 Ne6 1/2-1/2

[Event "OP-2011-0-01437"]
[Site "Lechenicher SchachServer"]
[Date "2011.03.12"]
[Round "?"]
[White "Ducharme, Steven"]
[Black "Khachatruan, Gurgen"]
[Result "0-1"]
[WhiteElo "905"]
[BlackElo "1495"]
[PlyCount "38"]
[EventDate "2011.03.06"]

1. e4 e5 2. Nf3 Nc6 3. c3 Nf6 4. d3 d5 5. exd5 Nxd5 6. Be2 Be7 7. O-O O-O 8. h3
Qd6 9. Nbd2 Qg6 10. Kh2 Nf4 11. Rg1 Nxd3 12. Bxd3 Qxd3 13. Ne1 Qg6 14. Qf3 Be6
15. g4 Rad8 16. Qe4 Rxd2 17. Qxg6 Rxf2+ 18. Kg3 fxg6 19. Be3 Re2 0-1

[Event "SRB-ch"]
[Site "Kragujevac"]
[Date "2011.03.10"]
[Round "10"]
[White "Drazic, Sinisa"]
[Black "Sedlak, Nikola"]
[Result "1/2-1/2"]
[WhiteElo "2487"]
[BlackElo "2556"]
[PlyCount "26"]
[EventDate "2011.02.28"]
[EventType "tourn"]
[EventRounds "13"]
[EventCountry "SRB"]
[EventCategory "10"]
[SourceTitle "CBM 141 Extra"]
[Source "ChessBase"]
[SourceDate "2011.05.03"]
[SourceVersion "1"]
[SourceVersionDate "2011.05.03"]
[SourceQuality "1"]

1. e4 e5 2. Nf3 Nc6 3. c3 Nf6 4. Qa4 d6 5. Be2 Bd7 6. Qc2 g6 7. O-O Bg7 8. Re1
O-O 9. d3 Nh5 10. Bg5 f6 11. Bh4 g5 12. Bg3 Kh8 13. Nbd2 f5 1/2-1/2

[Event "Cholet-C"]
[Site "Cholet"]
[Date "2011.03.10"]
[Round "8"]
[White "Leboucher, Pascal"]
[Black "Secher, Pierre"]
[Result "1-0"]
[WhiteElo "1620"]
[BlackElo "1580"]
[PlyCount "107"]
[EventDate "2011.03.05"]
[EventType "tourn"]
[EventRounds "9"]
[EventCountry "FRA"]
[SourceTitle "EXT 2012"]
[Source "ChessBase"]
[SourceDate "2011.11.24"]
[SourceVersion "1"]
[SourceVersionDate "2011.11.24"]
[SourceQuality "1"]

1. e4 e5 2. Nf3 Nc6 3. c3 Nf6 4. d4 d6 5. Bg5 h6 6. d5 Nb8 7. Bxf6 Qxf6 8. Na3
c6 9. c4 Nd7 10. b4 Be7 11. Nc2 O-O 12. Ne3 Qg6 13. Bd3 Bg5 14. Nf5 Bd8 15. g4
Re8 16. h4 Be7 17. g5 h5 18. Be2 c5 19. Rg1 cxb4 20. N3d4 Nf6 21. Nxe7+ Rxe7
22. Nf5 Bxf5 23. exf5 Qxf5 24. gxf6 Qxf6 25. Rg5 g6 26. Bxh5 Kf8 27. Qg4 Kg7
28. Bxg6 fxg6 29. h5 Qf4 30. Rxg6+ Kh7 31. Qxf4 exf4+ 32. Kd2 Rd8 33. Re1 Rxe1
34. Kxe1 a5 35. Kd2 a4 36. Re6 Rc8 37. Kd3 b5 38. cxb5 b3 39. axb3 axb3 40. Re4
Rc5 41. Rb4 Rxd5+ 42. Ke4 Rxh5 43. Rxb3 Kg6 44. b6 d5+ 45. Kxf4 Rf5+ 46. Kg3
Rf8 47. b7 Rb8 48. Kf3 Kf5 49. Ke3 Ke5 50. f4+ Kd6 51. Kd4 Kc7 52. f5 Kd6 53.
Rb2 Ke7 54. Kxd5 1-0

[Event "FICGS__CHESS__CLASS_F__000094"]
[Site "FICGS"]
[Date "2011.03.10"]
[Round "1"]
[White "Zeckarias, Simon"]
[Black "Zaunercik, Ilmar"]
[Result "0-1"]
[WhiteElo "1132"]
[BlackElo "1185"]
[PlyCount "38"]
[EventDate "2011.??.??"]

1. e4 e5 2. Nf3 Nc6 3. c3 Nf6 4. d4 exd4 5. cxd4 Nxe4 6. Nbd2 Nxd2 7. Bxd2 d5
8. Bb5 Bd7 9. O-O Be7 10. Qb3 Be6 11. Ne5 Bd7 12. Rae1 O-O 13. Bxc6 bxc6 14.
Ba5 c5 15. dxc5 Be6 16. f4 Bxc5+ 17. Kh1 d4 18. Nc6 Bxb3 19. axb3 Qd6 0-1

[Event "Subotica-ch"]
[Site "Subotica"]
[Date "2011.03.09"]
[Round "8"]
[White "Pacal, Mihaly"]
[Black "Foldi, Sandor"]
[Result "1-0"]
[WhiteElo "2132"]
[BlackElo "1773"]
[PlyCount "63"]
[EventDate "2011.02.21"]
[EventType "swiss"]
[EventRounds "9"]
[EventCountry "SRB"]
[SourceTitle "CBM 141 Extra"]
[Source "ChessBase"]
[SourceDate "2011.05.03"]
[SourceVersion "1"]
[SourceVersionDate "2011.05.03"]
[SourceQuality "1"]

1. e4 e5 2. Nf3 Nc6 3. c3 Nf6 4. d4 exd4 5. e5 Qe7 6. Qe2 d3 7. Qxd3 Nxe5 8.
Nxe5 Qxe5+ 9. Be2 Bc5 10. O-O O-O 11. Nd2 d6 12. Nf3 Qe4 13. Qd1 Bg4 14. Bg5
Rae8 15. Re1 Qf5 16. Bh4 Bxf3 17. Bxf3 Rxe1+ 18. Qxe1 c6 19. Qe7 Qd7 20. Bxf6
Qxe7 21. Bxe7 f6 22. Rd1 Re8 23. b4 Bxb4 24. cxb4 Rxe7 25. Kf1 Rd7 26. Ke2 Kf7
27. Kd3 Ke8 28. Kd4 Kd8 29. Rd3 c5+ 30. bxc5 dxc5+ 31. Kc3 Rxd3+ 32. Kxd3 1-0

[Event "2.liga C 2010/2011"]
[Site "JE"]
[Date "2011.03.06"]
[Round "9.4"]
[White "Kubi, Juraj"]
[Black "Mraz, Martin"]
[Result "0-1"]
[WhiteElo "1963"]
[BlackElo "1874"]
[PlyCount "60"]
[EventDate "2010.10.23"]
[EventRounds "5"]
[EventCountry "SVK"]
[SourceTitle "OM OTB B 201907"]
[Source "Opening Master"]
[SourceDate "2019.07.06"]
[SourceVersion "2"]
[SourceVersionDate "2019.07.06"]
[SourceQuality "1"]

1. e4 e5 2. Nf3 Nc6 3. c3 Nf6 4. Bd3 Be7 5. Bc2 d5 6. exd5 Qxd5 7. O-O e4 8.
Ne1 Ne5 9. Bb3 Qd6 10. d4 exd3 11. Bf4 Bg4 12. f3 Qc5+ 13. Kh1 Bf5 14. Ba4+ b5
15. b4 Qd5 16. Bb3 Nc4 17. Bxc7 Bd6 18. Bxc4 bxc4 19. Bxd6 Qxd6 20. Nd2 Qc6 21.
b5 Qxb5 22. Rb1 Qa6 23. Rb4 Nd5 24. Qa4+ Qxa4 25. Rxa4 Ne3 26. Rg1 Be6 27. g3
Nd1 28. Nxc4 Nxc3 29. Nb6 Nxa4 30. Nxa8 d2 0-1

[Event "CZE-chT2E 1011"]
[Site "Czechia"]
[Date "2011.03.06"]
[Round "9.3"]
[White "Zapletal, Jiri"]
[Black "Vecera, Petr"]
[Result "1/2-1/2"]
[WhiteElo "2171"]
[BlackElo "1926"]
[PlyCount "39"]
[EventDate "2010.10.17"]
[EventType "team-tourn"]
[EventRounds "11"]
[EventCountry "CZE"]
[SourceTitle "EXT 2012"]
[Source "ChessBase"]
[SourceDate "2011.11.24"]
[SourceVersion "1"]
[SourceVersionDate "2011.11.24"]
[SourceQuality "1"]
[WhiteTeam "Prostejov"]
[BlackTeam "Postoupky"]
[WhiteTeamCountry "CZE"]
[BlackTeamCountry "CZE"]

1. e4 e5 2. Nf3 Nc6 3. c3 Nf6 4. d3 d5 5. Nbd2 Bd6 6. Be2 O-O 7. O-O dxe4 8.
dxe4 Qe7 9. Qc2 Nh5 10. Nc4 Nf4 11. Re1 Nxe2+ 12. Qxe2 f6 13. Be3 Bc5 14. Bxc5
Qxc5 15. b4 Qe7 16. Ne3 Be6 17. Qb5 Nd8 18. Rad1 c6 19. Qe2 Nf7 20. a4 1/2-1/2

[Event "2.liga D 2010/2011"]
[Site "Kosice"]
[Date "2011.03.05"]
[Round "8.6"]
[White "Stec, Juraj"]
[Black "Marvanyi, Milan"]
[Result "1-0"]
[WhiteElo "2011"]
[BlackElo "1856"]
[PlyCount "91"]
[EventDate "2010.10.23"]
[EventRounds "9"]
[EventCountry "SVK"]
[SourceTitle "OM OTB B 201907"]
[Source "Opening Master"]
[SourceDate "2019.07.06"]
[SourceVersion "2"]
[SourceVersionDate "2019.07.06"]
[SourceQuality "1"]

1. e4 e5 2. Nf3 Nc6 3. c3 d6 4. d4 exd4 5. cxd4 Be7 6. Nc3 a6 7. Bd3 Nf6 8. h3
O-O 9. O-O h6 10. Bf4 Bd7 11. Rc1 Nh7 12. d5 Nb8 13. e5 Ng5 14. exd6 Nxf3+ 15.
Qxf3 Bxd6 16. Bxd6 cxd6 17. Ne4 Bb5 18. Bxb5 axb5 19. a3 Nd7 20. Qb3 Qb6 21.
Qb4 Ra4 22. Qxd6 Rxe4 23. Qxd7 Re2 24. b4 Ra2 25. Rc5 Rxa3 26. Qxb5 Qg6 27. Kh2
Qd6+ 28. g3 Rb8 29. Rfc1 Qf6 30. Qe2 g6 31. Rd1 Rd8 32. Kg2 Rb3 33. Qe4 Ra8 34.
Rd3 Ra2 35. Rf3 Rxf3 36. Qxf3 Qxf3+ 37. Kxf3 Rb2 38. Rb5 Rd2 39. Ke3 Rd1 40.
Ke4 Re1+ 41. Kd4 Re7 42. Rc5 f6 43. d6 Rd7 44. Kd5 Kf7 45. Rc7 Ke8 46. Ke6 1-0

[Event "FICGS__CHESS__CLASS_F__000093"]
[Site "FICGS"]
[Date "2011.03.02"]
[Round "1"]
[White "Melquiades, Jay"]
[Black "Gonet, Gerard"]
[Result "0-1"]
[WhiteElo "996"]
[BlackElo "1146"]
[PlyCount "64"]
[EventDate "2011.??.??"]

1. e4 Nc6 2. c3 e5 3. Nf3 d6 4. Bb5 Nge7 5. Qa4 Bd7 6. d4 a6 7. d5 axb5 8. Qb3
Na5 9. Qc2 Ng6 10. Nbd2 Be7 11. b4 Nf4 12. O-O Bg4 13. bxa5 c6 14. Nb3 c5 15.
Bxf4 exf4 16. a4 c4 17. Nbd4 Rxa5 18. Rae1 Bxf3 19. Nxf3 Rxa4 20. Nd4 Qa5 21.
e5 O-O 22. Nf5 Bd8 23. Nxd6 Ra2 24. Qf5 Qxc3 25. e6 Qf6 26. exf7+ Kh8 27. Qd7
Rd2 28. Re8 Be7 29. Rxf8+ Bxf8 30. Ne4 Qe5 31. Qd8 Qe7 32. Qd6 Qxd6 0-1

[Event "Tournament (open)"]
[Site "Groningen (Netherlands)"]
[Date "2011.03.02"]
[Round "1"]
[White "Zwanepol, Johan"]
[Black "Westermann, Tony"]
[Result "0-1"]
[WhiteElo "1942"]
[BlackElo "1453"]
[PlyCount "82"]
[EventDate "2011.??.??"]
[EventRounds "7"]
[EventCountry "NED"]
[SourceTitle "OM OTB B 201907"]
[Source "Opening Master"]
[SourceDate "2019.07.06"]
[SourceVersion "2"]
[SourceVersionDate "2019.07.06"]
[SourceQuality "1"]

1. e4 e5 2. Nf3 Nc6 3. c3 Nf6 4. d4 exd4 5. e5 Nd5 6. cxd4 Bb4+ 7. Bd2 Qe7 8.
Nc3 Bxc3 9. bxc3 d6 10. Bb5 O-O 11. O-O Bg4 12. h3 Bh5 13. g4 Bg6 14. Qb3 Nb6
15. Rfe1 Nd8 16. d5 c6 17. Bg5 Qc7 18. dxc6 bxc6 19. exd6 Qxd6 20. Rad1 Qc5 21.
Re5 Nd5 22. Bc4 Ne6 23. Be7 Qxe7 24. Nd4 Nxd4 25. cxd4 Qf6 26. Bxd5 cxd5 27.
Qxd5 Rfd8 28. Qb5 Rab8 29. Rde1 h6 30. Qc5 Qb6 31. Qc3 Kh7 32. d5 Rbc8 33. Qf3
Qd6 34. h4 f6 35. Re7 Re8 36. h5 Bf7 37. Qf5+ Kg8 38. Rxe8+ Rxe8 39. Rxe8+ Bxe8
40. Qc8 Qd7 41. Qc5 Qxg4+ 0-1

[Event "38. LSS No Engine Cup Preliminary 1"]
[Site "Lechenicher SchachServer"]
[Date "2011.03.02"]
[Round "?"]
[White "Bozic, Deni"]
[Black "Verich, Oleg"]
[Result "0-1"]
[WhiteElo "904"]
[BlackElo "1012"]
[PlyCount "90"]
[EventDate "2011.03.03"]

1. e4 e5 2. Nf3 Nc6 3. c3 Bc5 4. d4 exd4 5. cxd4 Bb4+ 6. Nc3 Nf6 7. Bd3 O-O 8.
O-O h6 9. e5 Bxc3 10. bxc3 Ne8 11. Qc2 d6 12. Rd1 Bg4 13. Be2 d5 14. h3 Bh5 15.
Ba3 f6 16. Bxf8 Kxf8 17. Re1 fxe5 18. Qf5+ Bf7 19. Nxe5 Nxe5 20. Qxe5 c6 21.
Bh5 Bxh5 22. Qxh5 Nf6 23. Qf5 Kg8 24. Re2 Qa5 25. Re3 Qc7 26. Rae1 Rf8 27. Re7
Qd6 28. Qg6 Ne8 29. Rxe8 Qxg6 30. R8e7 Qc2 31. f3 Qxc3 32. Rxb7 Qxd4+ 33. Kh1
Qf2 34. Ree7 Qg3 35. Rxa7 Rb8 36. Rab7 Rxb7 37. Rxb7 d4 38. Rd7 c5 39. a4 c4
40. a5 c3 41. Rd8+ Kh7 42. a6 c2 43. Rc8 d3 44. a7 d2 45. Rh8+ Kg6 0-1

[Event "Budapesti csapatbajnokság 2010-11"]
[Site "Budapest"]
[Date "2011.02.27"]
[Round "9"]
[White "Csapo, Zoltan"]
[Black "Kovacs, Gabor"]
[Result "1/2-1/2"]
[WhiteElo "2129"]
[BlackElo "2179"]
[PlyCount "50"]
[EventDate "2010.09.19"]
[EventType "tourn"]
[EventRounds "11"]
[EventCountry "HUN"]
[SourceTitle "OM OTB B 201907"]
[Source "Opening Master"]
[SourceDate "2019.07.06"]
[SourceVersion "2"]
[SourceVersionDate "2019.07.06"]
[SourceQuality "1"]

1. e4 e5 2. Nf3 Nc6 3. c3 f5 4. d4 fxe4 5. Nxe5 Nf6 6. Bf4 d6 7. Nxc6 bxc6 8.
Na3 d5 9. Qa4 Bd6 10. Bxd6 Qxd6 11. Be2 O-O 12. O-O Bg4 13. Qd1 Bxe2 14. Qxe2
Rab8 15. Rab1 c5 16. Nc2 cxd4 17. Nxd4 c5 18. Nf5 Qd7 19. Ng3 Qb5 20. Qe3 Rbd8
21. Rfd1 Rd7 22. Rd2 h6 23. h3 Qb6 24. Rbd1 Rfd8 25. b4 Rc8 1/2-1/2

[Event "Bunratty Masters op 18th"]
[Site "Bunratty"]
[Date "2011.02.27"]
[Round "5"]
[White "Fehr, Jukka"]
[Black "Duffy, Seamus"]
[Result "0-1"]
[WhiteElo "2003"]
[BlackElo "2022"]
[PlyCount "64"]
[EventDate "2011.02.25"]
[EventType "swiss"]
[EventRounds "6"]
[EventCountry "IRL"]
[SourceTitle "CBM 141 Extra"]
[Source "ChessBase"]
[SourceDate "2011.05.03"]
[SourceVersion "1"]
[SourceVersionDate "2011.05.03"]
[SourceQuality "1"]

1. Nf3 Nc6 2. e4 e5 3. c3 f5 4. d4 fxe4 5. Nxe5 Nf6 6. Bg5 Be7 7. Bxf6 Bxf6 8.
Qh5+ g6 9. Nxg6 hxg6 10. Qxg6+ Kf8 11. Bc4 Qe7 12. Nd2 Qg7 13. Qxe4 Ne7 14. Qf3
d5 15. Be2 c6 16. O-O-O Bf5 17. g4 Bh7 18. h4 Qg6 19. Bd3 Qxd3 20. Qxf6+ Ke8
21. Qxh8+ Kd7 22. Qxh7 Qxh7 23. h5 Rf8 24. Rdf1 Qh6 25. Kc2 Nc8 26. Rh3 Nd6 27.
Nf3 Qh7+ 28. Kc1 Nc4 29. Ne5+ Nxe5 30. dxe5 Qe4 31. e6+ Qxe6 32. Rg3 Qe2 0-1

[Event "corr freechess"]
[Site "freechess.de"]
[Date "2011.02.27"]
[Round "?"]
[White "Fischer, Andreas"]
[Black "Bock, Michael"]
[Result "1/2-1/2"]
[WhiteElo "1347"]
[BlackElo "2157"]
[PlyCount "97"]
[EventDate "2010.??.??"]
[EventType "tourn (corr)"]
[SourceTitle "OM Corr 202003"]
[Source "Opening Master"]
[SourceDate "2019.05.30"]
[SourceVersion "2"]
[SourceVersionDate "2019.05.30"]
[SourceQuality "1"]

1. e4 e5 2. Nf3 Nc6 3. c3 Nf6 4. d3 Be7 5. Be3 d6 6. Nbd2 h6 7. Be2 Be6 8. d4
exd4 9. Nxd4 Ne5 10. Nxe6 fxe6 11. O-O Qd7 12. Nc4 Nxe4 13. Nxe5 dxe5 14. Qxd7+
Kxd7 15. Rfd1+ Ke8 16. Bh5+ Kf8 17. f3 Nf6 18. Bg6 a6 19. Rd2 Rd8 20. Rxd8+
Bxd8 21. Rd1 Ke7 22. Re1 c6 23. Bc5+ Kd7 24. Rxe5 Bc7 25. Re1 Rd8 26. Rd1+ Kc8
27. Rxd8+ Kxd8 28. Bf8 Kd7 29. Bxg7 Nd5 30. Bxh6 Bb6+ 31. Kh1 Ne3 32. Bxe3 Bxe3
33. h4 Ke7 34. h5 Kf6 35. Kh2 Kg5 36. g3 b5 37. Kh3 e5 38. Be8 c5 39. b3 a5 40.
Bxb5 Bd2 41. a3 Bxc3 42. b4 axb4 43. axb4 cxb4 44. g4 b3 45. Bd3 b2 46. Bb1 Bd2
47. Kg3 Be1+ 48. Kg2 Bd2 49. Kg3 1/2-1/2

[Event "Satu Mare Ariston"]
[Site "Satu Mare"]
[Date "2011.02.26"]
[Round "4"]
[White "Muller, Wim"]
[Black "Hristodorescu, Daniel"]
[Result "1/2-1/2"]
[WhiteElo "2020"]
[BlackElo "2198"]
[PlyCount "22"]
[EventDate "2011.02.24"]
[EventType "tourn"]
[EventRounds "9"]
[EventCountry "ROU"]
[SourceTitle "CBM 141 Extra"]
[Source "ChessBase"]
[SourceDate "2011.05.03"]
[SourceVersion "1"]
[SourceVersionDate "2011.05.03"]
[SourceQuality "1"]

1. e4 e5 2. Nf3 Nc6 3. c3 d5 4. Bb5 Qd6 5. exd5 Qxd5 6. Qe2 Bd7 7. Bxc6 Bxc6 8.
Qxe5+ Qxe5+ 9. Nxe5 Bxg2 10. Rg1 Bd5 11. d4 f6 1/2-1/2

[Event "SUR-ch"]
[Site "Paramaribo"]
[Date "2011.02.22"]
[Round "3"]
[White "Veer, Willem"]
[Black "Gajadin, Dewperkash"]
[Result "0-1"]
[WhiteElo "1942"]
[BlackElo "2200"]
[PlyCount "107"]
[EventDate "2011.02.18"]
[EventType "tourn"]
[EventRounds "13"]
[EventCountry "SUR"]
[SourceTitle "EXT 2013"]
[Source "ChessBase"]
[SourceDate "2012.11.22"]
[SourceVersion "1"]
[SourceVersionDate "2012.11.22"]
[SourceQuality "1"]

1. e4 e5 2. Nf3 Nc6 3. c3 Nf6 4. d4 Nxe4 5. d5 Ne7 6. Nxe5 Ng6 7. Nxg6 hxg6 8.
Qe2 Qe7 9. Bf4 d6 10. Nd2 Nf6 11. O-O-O Qxe2 12. Bxe2 Nxd5 13. Bg3 Be6 14. Bf3
O-O-O 15. Nb3 Nf6 16. h3 g5 17. Nd4 Bd7 18. Rhe1 g4 19. hxg4 Bxg4 20. Bxg4+
Nxg4 21. Nf5 g6 22. Ne7+ Kd7 23. Nd5 c6 24. f3 cxd5 25. fxg4 Kc6 26. Rf1 Bh6+
27. Kc2 Rd7 28. Rd3 Re8 29. Kd1 Re3 30. Rf3 Rxd3+ 31. Rxd3 Bg5 32. Ke2 Rd8 33.
a4 a6 34. b3 b5 35. Rf3 Rd7 36. axb5+ axb5 37. Kd3 Ra7 38. Bf4 Bxf4 39. Rxf4
Ra2 40. Rxf7 Rxg2 41. Rf4 g5 42. Rd4 Rf2 43. Ke3 Rf8 44. Rb4 Re8+ 45. Kd3 Re1
46. Rd4 Kc5 47. b4+ Kc6 48. Kd2 Re5 49. Kd3 Kd7 50. Kd2 Ke6 51. Kd3 Re1 52. Kd2
Re4 53. Kc2 Ke5 54. Kd3 0-1

[Event "SN-2011-0-00315"]
[Site "Lechenicher SchachServer"]
[Date "2011.02.22"]
[Round "?"]
[White "Kapatos, Endre"]
[Black "Mori, Roberto"]
[Result "1-0"]
[WhiteElo "958"]
[BlackElo "601"]
[PlyCount "25"]
[EventDate "2011.02.08"]

1. e4 e5 2. Nf3 Nc6 3. c3 Bd6 4. d4 exd4 5. Bc4 dxc3 6. O-O cxb2 7. Bxb2 f6 8.
Re1 Ne5 9. Nxe5 Bxe5 10. Bxe5 fxe5 11. Qh5+ g6 12. Qxe5+ Qe7 13. Qxh8 1-0

[Event "SN-2011-0-00315"]
[Site "Lechenicher SchachServer"]
[Date "2011.02.22"]
[Round "?"]
[White "Kapatos, Endre"]
[Black "Ventura, Bob"]
[Result "1-0"]
[WhiteElo "958"]
[BlackElo "648"]
[PlyCount "53"]
[EventDate "2011.02.08"]

1. e4 e5 2. Nf3 Nc6 3. c3 Bc5 4. d4 exd4 5. cxd4 Bb6 6. Nc3 a6 7. Bc4 h6 8. O-O
d6 9. h3 Bd7 10. Re1 Nf6 11. e5 Nh7 12. exd6+ Kf8 13. Bf4 cxd6 14. Bxd6+ Kg8
15. Bg3 Qc8 16. Bf1 Ng5 17. d5 Nd8 18. Rc1 Bxh3 19. Re8+ Kh7 20. Nxg5+ Kg6 21.
Rxh8 Kxg5 22. gxh3 Qf5 23. h4+ Kf6 24. Bd3 Qh3 25. Qf3+ Ke7 26. Bd6+ Kxd6 27.
Qxh3 1-0

[Event "USA-chT Amateur East"]
[Site "Parsippany"]
[Date "2011.02.21"]
[Round "6"]
[White "Meredith, Matthew"]
[Black "Lawrence, Jeffrey A"]
[Result "1-0"]
[WhiteElo "2018"]
[BlackElo "1941"]
[PlyCount "65"]
[EventDate "2011.02.19"]
[EventType "team-swiss"]
[EventRounds "6"]
[EventCountry "USA"]
[SourceTitle "CBM 141 Extra"]
[Source "ChessBase"]
[SourceDate "2011.05.03"]
[SourceVersion "1"]
[SourceVersionDate "2011.05.03"]
[SourceQuality "1"]

1. e4 e5 2. Nf3 Nc6 3. c3 f5 4. exf5 Nf6 5. d4 e4 6. Ne5 d6 7. Nxc6 bxc6 8. g4
h6 9. Be2 Be7 10. c4 Bb7 11. Nc3 Qd7 12. Be3 c5 13. Rg1 cxd4 14. Qxd4 c5 15.
Qd2 Qc6 16. O-O-O O-O-O 17. Bf4 a6 18. h4 d5 19. cxd5 Nxd5 20. Nxd5 Rxd5 21.
Qxd5 Qxd5 22. Rxd5 Bxd5 23. Bxa6+ Bb7 24. Bxb7+ Kxb7 25. Re1 Bxh4 26. Rxe4 Ra8
27. a3 Kc6 28. f3 Rd8 29. Kc2 Rd7 30. Re6+ Kb7 31. Be5 h5 32. Rg6 hxg4 33. fxg4
1-0